000 01491cam a2200373 a 4500
999 _c59075
_d59075
001 14218345
003 ARRUPE
005 20170601125624.0
008 060104s2005 sa f b 000 0 eng
010 _a 2005325501
015 _aGBA542234
_2bnb
016 7 _a013200379
_2Uk
020 _a0958479445 (Institute for Justice and Reconciliation)
020 _a1779220391 (Weaver Press)
035 _a(OCoLC)ocm60418655
040 _aUKM
_cUKM
_dDLC
042 _alccopycat
_alcode
043 _af-rh---
050 0 0 _aJQ2929.A15
_bZ543 2005
082 0 4 _a968.91051
_222
245 0 0 _aZimbabwe :
_binjustice and political reconciliation /
_cedited by Brian Raftopoulos and Tyrone Savage.
260 _aCape Town, South Africa :
_bInstitute for Justice and Reconciliation ;
_aHarare :
_bWeaver Press,
_c2005.
300 _axxii, 296 p. ;
_c21 cm.
504 _aIncludes bibliographical references.
650 0 _aReconciliation
_xPolitical aspects
_zZimbabwe.
_927917
651 0 _aZimbabwe
_xPolitics and government
_y1980-
_931978
700 1 _aRaftopoulos, Brian.
_928556
700 1 _aSavage, Tyrone.
_931979
710 2 _aInstitute for Justice and Reconciliation (South Africa)
_91884
710 2 _aWeaver Press.
_931980
856 4 1 _3Table of contents only
_uhttp://www.loc.gov/catdir/toc/fy0607/2005325501.html
906 _a7
_bcbc
_ccopycat
_d3
_encip
_f20
_gy-gencatlg
942 _2lcc
_cMONOGRAPH